00379nam a2200145Ia 4500008004100000020001500041041001200056082001600068100001300084245006600097260003300163300000700196650001600203700001400219221030s9999 xx 000 0 und d a8175440554 aEnglish a105.23bMeh aS. Mehta 0aWheeler`s Question Bank Series - UNIXcby S. Mehta, R. Bangia bWheeler PubaNew Delhic1999 a94 aBE Computer aR. Bangia